000 004580000a22001810004500
003 MACL
005 20160121121706.0
008 160121b xxu||||| |||| 00| 0 eng d
040 _aMACL
_cmacl
041 _aEnglish
082 _a370.543/
100 _aGupta's R.
_933421
245 _aI G N O U B. Ed Entrence Examination
260 _bRamesh Publishing
_c2003
_aNew Delhi
350 _a130
650 _aEducation
_933854
942 _cBK
_k310.543/Gup
_2ddc
999 _c32289
_d32289